Matemáticas, segunda parte: materiales de apoyo a la programación. Segundo ciclo de educación secundaria obligatoria. Una propuesta para el debate
Tallennettuna:
| Päätekijät: | , , , |
|---|---|
| Aineistotyyppi: | Kirja |
| Kieli: | espanja |
| Julkaistu: |
Pamplona
Gobierno de Navarra
1998
|
| Aiheet: | |
| Tagit: |
Lisää tagi
Ei tageja, Lisää ensimmäinen tagi!
|
MARC
| LEADER | 00000nam a2200000 a 4500 | ||
|---|---|---|---|
| 001 | UCQ5119 | ||
| 003 | CL-VaPUC | ||
| 008 | 980925e19980000SP |||||||||||||||||spa|d | ||
| 082 | 0 | 4 | |a 372.7 |b ALF |2 21 |
| 100 | 0 | |a Alfaro Melero, Gerardo |e author |9 419286 | |
| 700 | |a García Rodrigo, José Luis |e author |9 433237 | ||
| 700 | 0 | |a Tornos Bautista, Esteban |e author |9 419288 | |
| 700 | 0 | |a Santo Tomás, Reyes Imaz |e author |9 419289 | |
| 245 | 1 | 0 | |a Matemáticas, segunda parte: materiales de apoyo a la programación. Segundo ciclo de educación secundaria obligatoria. Una propuesta para el debate |
| 300 | |a P. irreg | ||
| 942 | |c BK | ||
| 945 | |d 19980925 00:00:00 |a mvenant | ||
| 260 | |a Pamplona |b Gobierno de Navarra |c 1998 | ||
| 650 | 0 | |a Educación superior |9 223851 | |
| 650 | 0 | |a Ejercicios |9 269807 | |
| 650 | 0 | |a Matemáticas |x Enseñanza |9 875527 | |
| 651 | 7 | |a NAVARRA |2 CL-VaPUC |9 386250 | |
| 651 | 0 | |a España |9 254926 | |
| 583 | |a last modification |c 19980925 00:00:00 |k Rodrigo Vera | ||
| 999 | |c 275338 |d 275336 | ||
| 952 | |0 0 |1 0 |4 0 |6 372_700000000000000_ALF_1998 |7 0 |8 P |9 312069 |a BIBEDU |b BIBEDU |c BIBEDU_PB |d 2019-11-20 |i 3465225 |o 372.7 ALF 1998 |p 3465225 |r 2024-01-25 |w 2019-11-20 |y BK |k BME | ||